LEADER 01527nam a2200253 i 4500 001 000000190506 003 CaOOAMICUS 005 20200407091915.0 008 100618s1970 gw u000 u mul u 013 $a168919 040 $aSeMil$bita 100 1 $aEngels, Lodewijk Jozef.$0(OLS)http://semarc/name/69654 245 10$aQuelques observations sur parresia dans la littérature paléo-chrétienne /$cG.J.M. Bartelink. Fiducia : influence de l'emploi juridique sur l'usage commun et paléo-chrétien / L.J. Engels. L'Église a la conquête de sa liberté. Recherches philologiques dans le sacramentaire de Vérone / A. A.R. Bastiaensen. 300 $a165 p. 490 0 $aGraecitas et latinitas christianorum primaeva : studia ad sermonem christianum primaevum pertinentia 700 1 $aBartelink, Gerardus Johannes Marinus,$d<1924-2012>.$0(OLS)http://semarc/name/19712 700 1 $aBastiaensen, Antoon Adriaan Robert <1926->.$0(OLS)http://semarc/name/17157 773 0 $tGraecitas et latinitas christianorum primaeva. Supplementa.$dNijmegen : Dekker & Van de Vegt, 1964-1970.$g3$w()23426 830 0$aGraecitas et latinitas christianorum primaeva : studia ad sermonem christianum primaevum pertinentia.$0(OLS)http://semarc/title/31394 850 $aSeMil 852 $aSeMil$W1$xVenegono$y1$m2U II 3$j141124$B141124$CSeMilBibl$Z2$F152729 $81 961 $aOmaggio: Altro 996 $6245$aQuelques observations sur parresia dans la littérature paléo-chrétienne$9(OLS)http://semarc/title/274448 LEADER 01134nam a2200253 i 4500 001 000000019382 003 CaOOAMICUS 005 20260304145638.0 008 180830n it u000 u ita u 040 $aSeMil$bita 100 1 $aDostoevskij, Fëdor Michajlovi?,$d<1821-1881>.$0(OLS)http://semarc/name/1325 240 10$aPrestuplénie i nakazànie.$0(OLS)http://semarc/title/440027 245 10$aDelitto e castigo /$cFëdor Dostoevskij ; traduzione di Alfredo Polledro ; introduzione di Leonid Grossman ; illustrazioni originali di Philippe Jullian. 264 1$aTorino :$bGiulio Einaudi,$c[s.d.] 300 $a2 v. ;$c21 cm. 490 1 $aI classici russi 700 1 $aJullian, Philippe.$0(OLS)http://semarc/name/8658 700 1 $aPolledro, Alfredo,$d<1885-1961>.$0(OLS)http://semarc/name/3827 774 0 $t1.$kClassici russi$w()170612 774 0 $t2.$kClassici russi$w()170613 830 2$aI classici russi.$0(OLS)http://semarc/title/21428 996 $6245$aDelitto e castigo$9(OLS)http://semarc/title/25490 996 $6264$aTorino :$bGiulio Einaudi$9(OLS)http://semarc/publisher/29810